[Event "76th ch-BUL SF 2012"]
[Site "Plovdiv BUL"]
[Date "2012.02.07"]
[Round "3"]
[White "Ninov,D"]
[Black "Janev,E"]
[Result "0-1"]
[BlackTitle "GM"]
[WhiteElo "2117"]
[BlackElo "2503"]
[WhiteFideId "2911060"]
[BlackFideId "2900360"]
[EventDate "2012.02.06"]

1. Nf3 d6 2. d4 g6 3. c4 Bg7 4. Nc3 c6 5. e4 Bg4 6. Be2 Qb6 7. d5 Bxf3 8. Bxf3
Nd7 9. O-O Ngf6 10. Qc2 O-O 11. Be3 Qc7 12. Rac1 Rfc8 13. Qd2 cxd5 14. Nxd5 Qd8
15. Rfd1 Ne5 16. Nxf6+ Bxf6 17. Be2 Nc6 18. b3 b6 19. Bg4 Rc7 20. Be2 Qf8 21.
Bh6 Qc8 22. Be3 Rb8 23. Rc2 Qe6 24. f3 Qe5 25. Bf1 Qa5 26. Qf2 Nb4 27. Bd2 Bd4
28. Qxd4 Nxc2 29. Bxa5 Nxd4 30. Be1 Nc6 31. Kf2 a6 32. a4 Na7 33. b4 Nc6 34. Bc3
a5 35. b5 Ne5 36. Bxe5 dxe5 37. Rd5 f6 38. Ke3 Kf7 39. Rd2 Ke8 40. Rd5 e6 41.
Rd2 Rd8 42. Rc2 Rc5 43. Be2 Ke7 44. h3 Rcc8 45. Rd2 Rxd2 46. Kxd2 Kd6 47. Kc2
Kc5 48. Kc3 Rd8 49. Bd3 f5 50. Bc2 Rd4 51. Bd3 g5 52. g3 h5 53. exf5 exf5 0-1

[Event "76th ch-BUL SF 2012"]
[Site "Plovdiv BUL"]
[Date "2012.02.07"]
[Round "3"]
[White "Arnaudov,G"]
[Black "Janchev,P"]
[Result "1-0"]
[WhiteTitle "IM"]
[WhiteElo "2473"]
[BlackElo "2118"]
[WhiteFideId "2907127"]
[BlackFideId "2903016"]
[EventDate "2012.02.06"]

1. Nf3 d6 2. d4 Nf6 3. c4 Nbd7 4. Nc3 e5 5. Bg5 Be7 6. Qc2 c6 7. e3 h6 8. Bh4
O-O 9. O-O-O Qa5 10. Bd3 Rb8 11. Kb1 b5 12. c5 dxc5 13. dxe5 Nd5 14. Nxd5 Bxh4
15. e6 fxe6 16. Bh7+ Kh8 17. Nf4 Rxf4 18. exf4 Bf6 19. g4 b4 20. g5 Bxb2 21.
Qxb2 c4 22. gxh6 c3 23. Rhg1 Kxh7 24. Qc2+ Qf5 25. hxg7 Qxc2+ 26. Kxc2 Nf6 27.
Rd8 Ng8 28. Ng5+ Kg6 29. Rxg8 e5 30. Ne4+ 1-0

[Event "76th ch-BUL SF 2012"]
[Site "Plovdiv BUL"]
[Date "2012.02.07"]
[Round "3"]
[White "Milchev,N"]
[Black "Yordanova,S"]
[Result "1-0"]
[WhiteTitle "IM"]
[BlackTitle "WIM"]
[WhiteElo "2434"]
[BlackElo "2143"]
[WhiteFideId "2906090"]
[BlackFideId "2905108"]
[EventDate "2012.02.06"]

1. c4 e5 2. g3 Nc6 3. Bg2 d6 4. Nc3 Be6 5. Nd5 Qd7 6. a3 Nd8 7. d4 c6 8. Ne3
exd4 9. Qxd4 Nf6 10. h3 Be7 11. Nf3 h6 12. g4 Qc7 13. Bd2 Qb6 14. Bc3 Rg8 15.
Qxb6 axb6 16. Nd4 g6 17. f4 h5 18. Bf3 Bd7 19. O-O-O h4 20. g5 Nh7 21. Ng4 f6
22. gxf6 Nxf6 23. Nxc6 Nxc6 24. Nxf6+ Bxf6 25. Bxf6 Be6 26. Rxd6 Bxc4 27. Rhd1
Kf7 28. Bxh4 Rge8 29. Rd7+ Kg8 30. R1d6 Bf7 31. Rxf7 Kxf7 32. Bd5+ Kf8 33. Rf6+
Ke7 34. Rxc6+ Kd7 35. Rc2 Rh8 36. Bf6 Rxh3 37. Be5 Ra5 38. Bxb7 Rg3 39. Rc7+ Ke6
40. Rc6+ Kd7 41. Rxb6 Rc5+ 42. Kb1 Rg1+ 43. Ka2 1-0

[Event "76th ch-BUL SF 2012"]
[Site "Plovdiv BUL"]
[Date "2012.02.07"]
[Round "3"]
[White "Velikov,V"]
[Black "Nikolov,Sas"]
[Result "0-1"]
[BlackTitle "IM"]
[WhiteElo "1844"]
[BlackElo "2407"]
[WhiteFideId "2912856"]
[BlackFideId "2900297"]
[EventDate "2012.02.06"]

1. e4 c5 2. Nc3 Nc6 3. g3 g6 4. Bg2 Bg7 5. d3 d6 6. Be3 Nf6 7. Nge2 Rb8 8. Qd2
Ng4 9. O-O Nxe3 10. fxe3 h5 11. Nf4 h4 12. gxh4 e5 13. Nfd5 Qxh4 14. Nc7+ Kf8
15. Bf3 Bh6 16. N3d5 Nd4 17. Rf2 Qxh2+ 18. Kxh2 Nxf3+ 19. Kg3 Nxd2 20. Rxd2 Bg5
21. Nb5 Be6 22. Re2 Kg7 23. Rg1 Rh3+ 24. Kg2 Rbh8 25. Kf1 Bh4 26. Nxd6 Rf3+ 27.
Kg2 Bg4 28. Rd2 Bg3 29. Rh1 Rxh1 30. Kxh1 Bh3 31. Rg2 b6 32. Rg1 Bf2 33. Rc1 f5
34. exf5 gxf5 35. e4 f4 36. Nc4 Rg3 37. Nxe5 f3 38. Nf4 Be3 39. Nh5+ Kh6 40.
Nxg3 Bg2+ 41. Kh2 Bxc1 42. Nc6 Bf4 43. Ne7 Kg5 44. Nf5 Kg4 45. e5 Bh3 46. e6 f2
47. e7 f1=Q 48. Ne3+ Kf3 49. Nxf1 Bd7 50. b3 Kf2 51. a4 a5 52. c3 Bd6 53. d4
cxd4 54. cxd4 Bf4 55. d5 Bc7 56. Nd2 Bxg3+ 57. Kh1 Bf4 58. Ne4+ Kf1 59. d6 Bc6 0-1

[Event "76th ch-BUL SF 2012"]
[Site "Plovdiv BUL"]
[Date "2012.02.07"]
[Round "3"]
[White "Andreev,Sa"]
[Black "Ibryamov,Ilhan"]
[Result "1/2-1/2"]
[WhiteElo "2201"]
[BlackElo "2115"]
[WhiteFideId "2911019"]
[BlackFideId "2918854"]
[EventDate "2012.02.06"]

1. d4 d5 2. c4 e6 3. Nf3 Nf6 4. e3 Be7 5. Bd3 O-O 6. O-O dxc4 7. Bxc4 b6 8. Qe2
Bb7 9. Rd1 Nbd7 10. Nc3 Ne4 11. Bd3 Ndf6 12. Ne5 Nxc3 13. bxc3 Bd6 14. f3 Be7
15. Nc4 Nd5 16. Bd2 c5 17. dxc5 Bxc5 18. Kh1 Qf6 19. Qe1 Rfd8 20. Bf1 Rac8 21.
Rab1 Bc6 22. e4 Nf4 23. Be3 Bxe3 24. Qxe3 Ba4 25. Rxd8+ Rxd8 26. Nb2 Bc6 27. Rd1
e5 28. Rxd8+ Qxd8 29. Kg1 Ne6 30. Nd3 Qd6 31. Nb4 Nc5 32. Bc4 h6 33. g3 a5 34.
Nxc6 Qxc6 35. Bd5 Qa4 36. Qd2 Qb5 37. Kf2 Kf8 38. Bc4 Qd7 39. Bd5 Ke7 40. Kg2
Qb5 1/2-1/2

[Event "76th ch-BUL SF 2012"]
[Site "Plovdiv BUL"]
[Date "2012.02.07"]
[Round "3"]
[White "Mogilarov,D"]
[Black "Pantev,T"]
[Result "0-1"]
[WhiteElo "2189"]
[BlackElo "1863"]
[WhiteFideId "2905248"]
[BlackFideId "2911310"]
[EventDate "2012.02.06"]

1. e4 c6 2. d4 d5 3. exd5 cxd5 4. c4 Nf6 5. Nf3 Nc6 6. Nc3 Bg4 7. cxd5 Nxd5 8.
Qb3 Bxf3 9. gxf3 e6 10. Qxb7 Nxd4 11. Bb5+ Nxb5 12. Qc6+ Ke7 13. Qxb5 Qd7 14.
Nxd5+ Qxd5 15. Qxd5 exd5 16. Be3 Ke6 17. O-O-O Bb4 18. a3 Rhc8+ 19. Kb1 Bc5 20.
Rhe1 Bxe3 21. fxe3 Rc4 22. Re2 Rac8 23. Red2 R8c5 24. Rd3 g5 25. b3 Rc3 26. b4
R5c4 27. Kb2 Rxd3 28. Rxd3 Rh4 29. Rd2 Ke5 30. Kc2 f5 31. Kd3 Rh3 32. Rf2 h6 33.
a4 Rh4 34. f4+ Ke6 35. b5 gxf4 36. exf4 Rh3+ 37. Kd4 Ra3 38. Re2+ Kd6 39. Re5
Rxa4+ 40. Ke3 Re4+ 0-1

[Event "76th ch-BUL SF 2012"]
[Site "Plovdiv BUL"]
[Date "2012.02.07"]
[Round "3"]
[White "Arnaudov,P"]
[Black "Asparuhov,P"]
[Result "1-0"]
[WhiteElo "2121"]
[BlackElo "2103"]
[WhiteFideId "2901706"]
[BlackFideId "2905647"]
[EventDate "2012.02.06"]

1. e4 e6 2. d4 d5 3. e5 c5 4. c3 Nc6 5. Nf3 Qb6 6. a3 cxd4 7. cxd4 Bd7 8. b4 Rc8
9. Be2 Nh6 10. O-O Nf5 11. Be3 Nce7 12. g4 Nh6 13. Ne1 Bb5 14. Nd3 Nc6 15. Nc3
Bc4 16. Nc5 Bxe2 17. Qxe2 Be7 18. f4 Qc7 19. Nb5 Qb8 20. f5 a6 21. Nd6+ Bxd6 22.
exd6 Qxd6 23. Bxh6 gxh6 24. fxe6 O-O 25. exf7+ Rxf7 26. Rxf7 Kxf7 27. Rf1+ Kg7
28. Ne6+ Kg8 29. Nf4 Nxd4 30. Qe3 Nc2 31. Qd3 Qb6+ 32. Kh1 Ne3 33. Nxd5 Qe6 34.
Nxe3 Qc6+ 1-0

[Event "76th ch-BUL SF 2012"]
[Site "Plovdiv BUL"]
[Date "2012.02.07"]
[Round "3"]
[White "Ruschukov,Boyan"]
[Black "Dimitrov,De"]
[Result "0-1"]
[WhiteElo "1993"]
[BlackElo "2104"]
[WhiteFideId "2911795"]
[BlackFideId "2911000"]
[EventDate "2012.02.06"]

1. d4 Nf6 2. c4 d6 3. Nc3 Bf5 4. f3 e5 5. e4 exd4 6. exf5 dxc3 7. bxc3 Be7 8.
Bd3 O-O 9. Ne2 Nbd7 10. f4 Nc5 11. Bc2 Nfe4 12. Be3 Bh4+ 13. Kf1 Re8 14. Bd4 Qd7
15. g3 Bf6 16. g4 Qc6 17. Kg1 Re7 18. g5 Bxg5 19. fxg5 Nxg5 20. Nf4 Rae8 21. f6
Re2 22. Nd5 Qd7 23. Ne3 Nf3+ 24. Kf1 Qh3+ 25. Kxe2 Qg2# 0-1

[Event "76th ch-BUL SF 2012"]
[Site "Plovdiv BUL"]
[Date "2012.02.07"]
[Round "3"]
[White "Kolev,H"]
[Black "Ljangov,P"]
[Result "1/2-1/2"]
[WhiteElo "1798"]
[BlackElo "2101"]
[WhiteFideId "2903849"]
[BlackFideId "2901277"]
[EventDate "2012.02.06"]

1. e4 c5 2. Nf3 d6 3. d4 cxd4 4. Nxd4 Nf6 5. Nc3 Nc6 6. Be3 e6 7. f3 Be7 8. Qd2
a6 9. O-O-O O-O 10. g4 Nxd4 11. Bxd4 b5 12. Bd3 Nd7 13. Be3 Bb7 14. h4 Rc8 15.
g5 b4 16. Ne2 a5 17. Kb1 Ne5 18. Nd4 d5 19. Qg2 Nxd3 20. Rxd3 Qc7 21. e5 Ba6 22.
Rd2 Qxe5 23. Bf2 Qc7 24. h5 Rfe8 25. g6 Bf6 26. Bh4 Qe7 27. Rg1 hxg6 28. Bxf6
Qxf6 29. hxg6 fxg6 30. Qxg6 Qxg6 31. Rxg6 Rc7 32. b3 Bc8 33. f4 Rf7 34. Rdg2
Ree7 35. Nc6 Rc7 36. Nd4 Rxf4 37. Nxe6 Bxe6 38. Rxe6 Kf8 39. Ra6 Rf1+ 40. Kb2
Re7 41. c3 Ree1 42. cxb4 axb4 43. Kc2 Rc1+ 44. Kd3 Rfd1+ 45. Ke3 Rc3+ 46. Kf4
Re1 47. Rd6 Re4+ 48. Kg5 Re5+ 49. Kf4 Rce3 50. Rxd5 Rxd5 51. Kxe3 Kf7 52. Rc2
Kf6 53. Rc6+ Kf5 54. Rb6 Ra5 55. Rxb4 Rxa2 56. Kf3 g5 57. Kg3 Kg6 58. Rb6+ Kh5
59. Rb8 Ra1 60. Rh8+ Kg6 61. Rg8+ Kf6 62. Rf8+ Kg7 63. Rb8 Kf6 64. Rf8+ Kg7 65.
Rb8 Rg1+ 66. Kf2 Rg4 67. Kf3 Rf4+ 68. Kg3 Rd4 69. Rb7+ Kg6 70. Rb8 Rd3+ 71. Kg4
Rd4+ 72. Kg3 Kf7 73. Rb7+ Ke6 74. Rb6+ Kf5 75. Rb5+ Kg6 76. Rb8 Rd1 77. Rg8+ Kh6
78. Rh8+ Kg7 79. Rb8 Rg1+ 80. Kf2 Rg4 81. Kf3 Rf4+ 82. Kg3 Kf7 83. Rb7+ Kg6 84.
Rb8 1/2-1/2

[Event "76th ch-BUL SF 2012"]
[Site "Plovdiv BUL"]
[Date "2012.02.07"]
[Round "3"]
[White "Stankov,A"]
[Black "Nikolov,J"]
[Result "1/2-1/2"]
[WhiteElo "1916"]
[BlackElo "2097"]
[WhiteFideId "2904152"]
[BlackFideId "2906112"]
[EventDate "2012.02.06"]

1. e4 e5 2. Nf3 Nc6 3. Nc3 Nf6 4. Bb5 Bb4 5. d3 d6 6. O-O Bxc3 7. bxc3 O-O 8.
Bg5 Qe7 9. Bxc6 bxc6 10. Nd2 h6 11. Bxf6 Qxf6 12. Qe2 Re8 13. Qe3 c5 14. Rfb1
Qe7 15. Rb2 Qd7 16. Rab1 Qc6 17. c4 Qa6 18. f4 exf4 19. Qxf4 Qa5 20. Nf1 Qc3 21.
Ne3 Qd4 22. Kh1 Be6 23. Rb7 Re7 24. h4 a5 25. g4 Rae8 26. Rb8 c6 27. Nf5 Bxf5
28. gxf5 Kh7 29. Rxe8 Rxe8 30. Rb7 Qf6 31. Rd7 Re5 32. Qg3 d5 33. Rxf7 Qxf7 34.
Qxe5 dxc4 35. Qxc5 cxd3 36. cxd3 Qxa2 37. e5 Qb1+ 38. Kg2 Qxd3 39. e6 Qe4+ 40.
Kf1 Qf3+ 41. Ke1 Qe4+ 42. Kd2 a4 43. Kc3 Kg8 44. h5 Qf3+ 45. Kb2 Qb3+ 46. Ka1
Qd5 47. Qe3 Qh1+ 48. Kb2 Qxh5 49. e7 Qe8 50. Qe6+ Kh8 51. Qd6 Kg8 52. Qe6+ Kh8
53. Ka3 h5 54. Kxa4 h4 55. f6 gxf6 56. Qxf6+ Kg8 57. Qxh4 Kf7 58. Qh7+ Ke6 59.
Kb4 Qb8+ 60. Kc3 Qe5+ 61. Kd3 Kd7 62. e8=Q+ Kxe8 63. Qe4 Qxe4+ 64. Kxe4 Kd7 65.
Kd4 Kd6 66. Kc4 c5 67. Kc3 Kd5 68. Kd3 c4+ 69. Kc3 Kc5 70. Kc2 Kb4 71. Kb2 c3+ 1/2-1/2

[Event "76th ch-BUL SF 2012"]
[Site "Plovdiv BUL"]
[Date "2012.02.07"]
[Round "3"]
[White "Petrov,Pl"]
[Black "Roydov,P"]
[Result "0-1"]
[WhiteElo "1890"]
[BlackElo "1780"]
[WhiteFideId "2904071"]
[BlackFideId "2908654"]
[EventDate "2012.02.06"]

1. e4 e6 2. d4 b6 3. Nd2 Bb7 4. Bd3 c5 5. Ngf3 cxd4 6. Nxd4 Nc6 7. Nxc6 Bxc6 8.
O-O g6 9. Qe2 Bg7 10. c3 Ne7 11. Nf3 O-O 12. Nd4 Bb7 13. Ba6 Qc8 14. Bxb7 Qxb7
15. Bg5 f6 16. Bh4 g5 17. Bg3 e5 18. Nc2 d5 19. f3 dxe4 20. fxe4 Qc7 21. Ne3
Rfd8 22. Rad1 Qc6 23. Qg4 h5 24. Nf5 Nxf5 25. Qxf5 h4 26. Bf2 Qc4 27. b3 Qe2 28.
Ra1 Rd2 29. a4 Rad8 30. Rae1 Qd3 31. Qe6+ Kh8 32. Re3 Qc2 33. Qf5 Rd1 34. g3
hxg3 35. Rxg3 Qe2 36. Rh3+ Kg8 37. Qe6+ Kf8 38. Bc5+ bxc5 0-1

[Event "76th ch-BUL SF 2012"]
[Site "Plovdiv BUL"]
[Date "2012.02.08"]
[Round "4"]
[White "Marholev,D"]
[Black "Pantev,V"]
[Result "1/2-1/2"]
[WhiteTitle "IM"]
[BlackTitle "FM"]
[WhiteElo "2370"]
[BlackElo "2389"]
[WhiteFideId "2901340"]
[BlackFideId "2901390"]
[EventDate "2012.02.06"]

1. d4 d5 2. c4 c6 3. cxd5 cxd5 4. Nf3 Nf6 5. Nc3 Nc6 6. Bf4 Bf5 7. e3 e6 8. Bd3
Bxd3 9. Qxd3 Bd6 10. Bxd6 Qxd6 11. O-O O-O 12. h3 Rfc8 13. Rfc1 a6 14. a3 Ne7
15. Ne5 Rc7 16. Ne2 Rac8 17. Rxc7 Rxc7 18. Rc1 Rxc1+ 19. Nxc1 Nc6 20. Nf3 h6 21.
Ne2 Ne4 22. Nc3 Nxc3 23. Qxc3 Ne7 24. Ne5 f6 25. Nd3 Kf7 26. f4 Qc6 27. Qxc6
Nxc6 28. Nc5 Nd8 29. Kf2 Ke7 30. Ke2 Kd6 31. Kd3 a5 32. b4 axb4 33. axb4 b6 34.
Na4 Kc6 35. Nc3 f5 36. b5+ Kd6 37. h4 h5 38. g3 g6 39. Kd2 Nf7 40. Kc2 Kc7 41.
Kd3 1/2-1/2

[Event "76th ch-BUL SF 2012"]
[Site "Plovdiv BUL"]
[Date "2012.02.08"]
[Round "4"]
[White "Enchev,I"]
[Black "Kukov,V"]
[Result "1-0"]
[WhiteTitle "IM"]
[BlackTitle "IM"]
[WhiteElo "2430"]
[BlackElo "2414"]
[WhiteFideId "2907712"]
[BlackFideId "2906139"]
[EventDate "2012.02.06"]

1. d4 d5 2. Nf3 Nf6 3. c4 e6 4. Nc3 Be7 5. Bg5 h6 6. Bh4 O-O 7. Qc2 b6 8. cxd5
Nxd5 9. Nxd5 exd5 10. Bxe7 Qxe7 11. Rc1 c6 12. e3 Bb7 13. Bd3 Nd7 14. O-O Nf6
15. a3 Ne4 16. b4 Rac8 17. Qb3 Rfd8 18. Rc2 Nd6 19. a4 a6 20. a5 b5 21. Re2 Rc7
22. Bb1 Bc8 23. Ne5 Bf5 24. Bxf5 Nxf5 25. Rc2 Rdc8 26. Rfc1 Qe8 27. Nd3 Nd6 28.
Nc5 Ra8 29. Qd3 Re7 30. Re2 Nc4 31. Rce1 Nd6 32. f3 Nb7 33. Nb3 Qd7 34. e4 dxe4
35. fxe4 Rd8 36. Qc3 Nd6 37. Nc5 Qa7 38. e5 Nf5 39. Re4 g6 40. Rf1 Ng7 41. Qe3
Ne6 42. Qxh6 Rxd4 43. Rxd4 Nxd4 44. Kh1 Rxe5 45. Qh4 Nf5 46. Qd8+ Kh7 47. g4 Qe7
48. Qxe7 Nxe7 49. Rxf7+ Kg8 50. Rf1 Nd5 51. Nxa6 Re4 52. Nc5 Rxb4 53. a6 Nc7 54.
a7 Rc4 55. Ne6 Na8 56. Rf8+ Kh7 57. Rxa8 Ra4 58. Nd8 c5 59. Nc6 c4 60. Rb8 c3 1-0

[Event "76th ch-BUL SF 2012"]
[Site "Plovdiv BUL"]
[Date "2012.02.08"]
[Round "4"]
[White "Janev,E"]
[Black "Vutov,M"]
[Result "1-0"]
[WhiteTitle "GM"]
[WhiteElo "2503"]
[BlackElo "2352"]
[WhiteFideId "2900360"]
[BlackFideId "2903431"]
[EventDate "2012.02.06"]

1. e4 c5 2. c3 d5 3. exd5 Qxd5 4. Nf3 Nf6 5. Na3 Nc6 6. Be2 e5 7. d3 Bf5 8. Nc4
Bd6 9. Ng5 Bc7 10. Ne3 Qd7 11. Nxf5 Qxf5 12. Qb3 Nd8 13. Qb5+ Nd7 14. Bf3 h6 15.
Ne4 a6 16. Qa4 O-O 17. Be3 b5 18. Qd1 Ne6 19. Ng3 Qf6 20. Bxa8 Rxa8 21. Qg4 Kh8
22. O-O Rd8 23. a4 Ndf8 24. axb5 axb5 25. Qe4 Ng6 26. Ra8 Rxa8 27. Qxa8+ Kh7 28.
Qe4 b4 29. Ra1 bxc3 30. bxc3 Ng5 31. Qb7 Ne6 32. Qe4 Ng5 33. Qf5 Qxf5 34. Nxf5
Ne6 35. Ra7 Ngf4 36. Bxf4 exf4 37. d4 cxd4 38. Nxd4 Bb6 39. Rd7 Bxd4 40. cxd4
Kg6 41. Kf1 1-0

[Event "76th ch-BUL SF 2012"]
[Site "Plovdiv BUL"]
[Date "2012.02.08"]
[Round "4"]
[White "Tsvetkov,I"]
[Black "Arnaudov,G"]
[Result "0-1"]
[BlackTitle "IM"]
[WhiteElo "2374"]
[BlackElo "2473"]
[WhiteFideId "2900831"]
[BlackFideId "2907127"]
[EventDate "2012.02.06"]

1. c4 Nf6 2. Nc3 e6 3. Nf3 Bb4 4. Qc2 d6 5. a3 Bxc3 6. Qxc3 a5 7. b3 e5 8. g3 c5
9. Bg2 Nc6 10. d3 O-O 11. O-O Bg4 12. Re1 Qd7 13. Rb1 Rab8 14. Bg5 Ne8 15. Nd2
f6 16. Be3 b6 17. Nf1 Nc7 18. Bd2 Bh3 19. Bh1 f5 20. f4 exf4 21. gxf4 Rbe8 22.
Ng3 Kh8 23. Kf2 d5 24. cxd5 Nxd5 25. Bxd5 Qxd5 26. Rg1 Nd4 27. Be3 Bg4 28. Bxd4
Rxe2+ 0-1

[Event "76th ch-BUL SF 2012"]
[Site "Plovdiv BUL"]
[Date "2012.02.08"]
[Round "4"]
[White "Genov,Peta"]
[Black "Dobrev,Nay"]
[Result "1-0"]
[WhiteTitle "GM"]
[WhiteElo "2463"]
[BlackElo "2256"]
[WhiteFideId "2900211"]
[BlackFideId "2902419"]
[EventDate "2012.02.06"]

1. d4 Nf6 2. c4 d6 3. Nc3 e5 4. Nf3 Nc6 5. d5 Ne7 6. e4 g6 7. c5 Bg7 8. cxd6
cxd6 9. Be2 O-O 10. Nd2 Ne8 11. O-O f5 12. f3 f4 13. Nc4 g5 14. Bd2 Ng6 15. Nb5
h5 16. Rc1 Rf7 17. Be1 Bf8 18. Bf2 b6 19. a4 Rg7 20. Kh1 g4 21. fxg4 Nh4 22.
Bxh4 Qxh4 23. gxh5 Nf6 24. Nbxd6 Ng4 25. Bxg4 Bxg4 26. Nf5 Qg5 27. Qxg4 Qxg4 28.
Nh6+ Kh7 29. Nxg4 Rxg4 30. Nxe5 Rg5 31. Rc7+ Kg8 32. Ng6 Bc5 33. e5 Rxh5 34. d6
Rg5 35. d7 1-0

[Event "76th ch-BUL SF 2012"]
[Site "Plovdiv BUL"]
[Date "2012.02.08"]
[Round "4"]
[White "Pantev,T"]
[Black "Milchev,N"]
[Result "0-1"]
[BlackTitle "IM"]
[WhiteElo "1863"]
[BlackElo "2434"]
[WhiteFideId "2911310"]
[BlackFideId "2906090"]
[EventDate "2012.02.06"]

1. d4 g6 2. Nf3 Bg7 3. Bf4 d6 4. e3 Nd7 5. Be2 e5 6. Bg3 Qe7 7. O-O Ngf6 8. h3
O-O 9. c4 Ne4 10. Bh2 b6 11. Nc3 Nxc3 12. bxc3 Bb7 13. Rb1 f5 14. Nd2 g5 15. d5
e4 16. Qc2 c6 17. dxc6 Bxc6 18. Nb3 f4 19. exf4 gxf4 20. Nd4 Bb7 21. Bg4 Be5 22.
Rfe1 Nc5 23. Rbd1 Rf6 24. Qe2 Raf8 25. Rf1 Qg7 26. f3 e3 27. Qe1 Qf7 28. Qh4
Qxc4 29. Nf5 Kh8 30. Nxe3 fxe3 31. Bxe5 dxe5 32. Rd8 Qf7 33. Rxf8+ Qxf8 34. Qg5
Ba6 35. Re1 e2 0-1

[Event "76th ch-BUL SF 2012"]
[Site "Plovdiv BUL"]
[Date "2012.02.08"]
[Round "4"]
[White "Nikolov,Sas"]
[Black "Galunov,T"]
[Result "0-1"]
[WhiteTitle "IM"]
[BlackTitle "FM"]
[WhiteElo "2407"]
[BlackElo "2320"]
[WhiteFideId "2900297"]
[BlackFideId "2900874"]
[EventDate "2012.02.06"]

1. d4 Nf6 2. c4 g6 3. Nc3 Bg7 4. e4 d6 5. Nf3 O-O 6. Be2 e5 7. O-O Nc6 8. d5 Ne7
9. Ne1 Nd7 10. Be3 f5 11. f3 f4 12. Bf2 g5 13. a4 Ng6 14. a5 Rf7 15. Nd3 Bf8 16.
Nb5 a6 17. Na7 h5 18. Nxc8 Qxc8 19. Be1 Rg7 20. Ra3 Nf6 21. Nf2 Nh8 22. h3 Nf7
23. Kh2 Nh6 24. Rh1 Be7 25. Kg1 Kf7 26. Kf1 Rg6 27. Rb3 Rb8 28. Bc3 Nd7 29. Ra3
Qg8 30. b4 Qg7 31. Bb2 Rh8 32. Rb3 g4 33. hxg4 hxg4 34. fxg4 Nxg4 35. Rxh8 Nxf2
36. Qe1 Rxg2 37. Rh7 Rg1+ 38. Kxf2 Bh4+ 39. Kf3 Bxe1 40. Rxg7+ Rxg7 41. Bd3 Rg3+
42. Ke2 Re3+ 43. Kd1 Bxb4 0-1

[Event "76th ch-BUL SF 2012"]
[Site "Plovdiv BUL"]
[Date "2012.02.08"]
[Round "4"]
[White "Nikolova,A"]
[Black "Janachkov,A"]
[Result "1-0"]
[WhiteTitle "WGM"]
[WhiteElo "2296"]
[BlackElo "2212"]
[WhiteFideId "2908689"]
[BlackFideId "2901145"]
[EventDate "2012.02.06"]

1. e4 e5 2. Nf3 Nc6 3. Bb5 a6 4. Ba4 d6 5. c3 Bd7 6. d4 h6 7. O-O Nge7 8. d5 Nb8
9. c4 Ng6 10. Nc3 Be7 11. b4 O-O 12. Qb3 Bc8 13. Ba3 a5 14. bxa5 Rxa5 15. Rac1
Kh8 16. Ne2 Na6 17. Bb5 Nc5 18. Bxc5 dxc5 19. Ng3 Bd6 20. Rc3 Nf4 21. Qb2 Qf6
22. Ne1 g6 23. Ne2 Kh7 24. Rb3 Nxe2+ 25. Qxe2 Ra8 26. Nd3 g5 27. Qe3 Rxa2 28.
Nxc5 Bxc5 29. Qxc5 Qd6 30. Qe3 b6 31. f3 f6 32. c5 bxc5 33. Rc3 Ba6 34. Qxc5 Rf7
35. Rfc1 Ra5 36. Qa7 Rxb5 37. Rxc7 Rxc7 38. Rxc7+ Kg6 39. Rg7+ Kh5 40. Qf7+ 1-0

[Event "76th ch-BUL SF 2012"]
[Site "Plovdiv BUL"]
[Date "2012.02.08"]
[Round "4"]
[White "Dimitrov,De"]
[Black "Andreev,Sa"]
[Result "1/2-1/2"]
[WhiteElo "2104"]
[BlackElo "2201"]
[WhiteFideId "2911000"]
[BlackFideId "2911019"]
[EventDate "2012.02.06"]

1. Nf3 Nf6 2. c4 b6 3. g3 Bb7 4. Bg2 e6 5. O-O Be7 6. Nc3 O-O 7. Re1 c5 8. e4 d6
9. d4 cxd4 10. Qxd4 Nc6 11. Qd3 Ne5 12. Nxe5 dxe5 13. Qe2 Bc5 14. Be3 Qe7 15.
Red1 Bb4 16. Bd2 Rfd8 17. Rac1 Bc5 18. a3 Bd4 19. Nb5 Bc6 20. Nxd4 exd4 21. Bg5
e5 22. f3 h6 23. Bd2 Nd7 24. b4 Ba4 25. Re1 a5 26. Qd3 Bc6 27. Ra1 Ra7 28. Qb3
axb4 29. axb4 Rda8 30. Qb2 Qe6 31. Bf1 Qf6 32. Kg2 Qd8 33. Rxa7 Rxa7 34. Ra1 Qa8
35. Rxa7 Qxa7 36. g4 Qa8 37. Bd3 h5 38. h3 hxg4 39. hxg4 Nf6 40. Qc2 Qa3 41. b5
Bb7 42. Bc1 Qb4 43. Bd2 Qa3 44. Bc1 1/2-1/2

[Event "76th ch-BUL SF 2012"]
[Site "Plovdiv BUL"]
[Date "2012.02.08"]
[Round "4"]
[White "Ibryamov,Ilhan"]
[Black "Arnaudov,P"]
[Result "0-1"]
[WhiteElo "2115"]
[BlackElo "2121"]
[WhiteFideId "2918854"]
[BlackFideId "2901706"]
[EventDate "2012.02.06"]

1. d4 Nf6 2. c4 c5 3. d5 e5 4. Nc3 d6 5. e4 Be7 6. f4 exf4 7. Bxf4 O-O 8. Bd3
Nbd7 9. Nf3 Ng4 10. h3 Nge5 11. Bxe5 Nxe5 12. O-O Bf6 13. Qc2 g6 14. Rae1 a6 15.
Kh1 Rb8 16. a4 Bd7 17. b3 Bg7 18. Rb1 Qa5 19. Ne2 b5 20. axb5 Nxd3 21. Qxd3 axb5
22. Qc2 Rb7 23. b4 cxb4 24. c5 dxc5 25. Qxc5 Rc8 26. Qxb4 Qxb4 27. Rxb4 Rbc7 28.
Ned4 Rc4 29. Rfb1 Bf8 30. R4b3 b4 31. e5 Bc5 32. Rd3 Rc3 33. Rd2 Ba4 34. Rdb2 h6
35. Nb3 Be3 36. Nbd4 Rc1+ 37. Rxc1 Rxc1+ 38. Kh2 Rc4 39. Nc6 b3 40. Ne1 Bf4+ 41.
Kg1 Bc1 42. Rb1 b2 43. Kf2 Bxc6 44. dxc6 Rxc6 45. Nd3 Rc2+ 46. Kf3 Kf8 47. g4
Ke7 48. h4 Ke6 49. Ke4 Rc4+ 50. Kf3 Rc3 51. Ke4 Rc4+ 0-1

[Event "76th ch-BUL SF 2012"]
[Site "Plovdiv BUL"]
[Date "2012.02.08"]
[Round "4"]
[White "Slavov,H"]
[Black "Ninov,D"]
[Result "0-1"]
[WhiteElo "1791"]
[BlackElo "2117"]
[WhiteFideId "2911345"]
[BlackFideId "2911060"]
[EventDate "2012.02.06"]

1. e4 c5 2. Nf3 e6 3. c3 Nf6 4. e5 Nd5 5. Bc4 d6 6. d4 cxd4 7. exd6 Bxd6 8. Qxd4
O-O 9. Bg5 f6 10. Bxd5 exd5 11. Qxd5+ Kh8 12. Be3 Re8 13. Qh5 Re4 14. Nbd2 Bg4
15. Qb5 Re7 16. O-O Nc6 17. h3 a6 18. Qa4 Bh5 19. Qh4 Bg6 20. Nc4 Re4 21. Bb6
Qf8 22. Nxd6 Rxh4 23. Nxh4 Qxd6 24. Rad1 Qf4 25. g3 Qc4 26. Rfe1 Qb5 27. Bc7
Qxb2 28. Nxg6+ hxg6 29. Rb1 Qxc3 30. Rec1 Qf3 31. Rxb7 Nd4 32. Rcb1 Ne2+ 33. Kf1
Re8 0-1

[Event "76th ch-BUL SF 2012"]
[Site "Plovdiv BUL"]
[Date "2012.02.08"]
[Round "4"]
[White "Yordanova,S"]
[Black "Velikov,V"]
[Result "1/2-1/2"]
[WhiteTitle "WIM"]
[WhiteElo "2143"]
[BlackElo "1844"]
[WhiteFideId "2905108"]
[BlackFideId "2912856"]
[EventDate "2012.02.06"]

1. e4 g6 2. d4 Bg7 3. Nc3 d6 4. f4 Nd7 5. Nf3 c6 6. a4 Qc7 7. Be2 e5 8. fxe5
dxe5 9. d5 Ngf6 10. Be3 Ng4 11. Bg1 Bh6 12. Qd3 O-O 13. h3 Ngf6 14. d6 Qa5 15.
Bf2 Nc5 16. Qc4 Ne6 17. g3 Ng5 18. Nxg5 Bxg5 19. h4 Be6 20. Qc5 Bd2+ 21. Kf1
Bxc3 22. Qxc3 Qxc3 23. bxc3 Nxe4 24. c4 Nxd6 25. Rb1 Rfd8 26. c5 Ne4 27. Rxb7
Nxf2 28. Kxf2 Rd2 29. Ke3 Rxc2 30. h5 Rxc5 31. h6 Rd8 32. Rhb1 Rc3+ 33. Kf2 Rc2
34. Ke3 Kf8 35. Rxa7 c5 36. Rbb7 c4 37. Rc7 c3 38. a5 Rc1 39. a6 c2 40. Rab7 Bd5
41. Rb2 Rg1 1/2-1/2